[Event "Sucre op"]
[Site "Sucre"]
[Date "2022.10.14"]
[Round "4"]
[White "Mayta Aiza, Vicmar"]
[Black "Lopez A, Richard"]
[Result "0-1"]
[WhiteElo "1641"]
[BlackElo "2050"]
[PlyCount "94"]
[EventDate "2022.10.13"]
[EventType "swiss"]
[EventRounds "7"]
[EventCountry "BOL"]
[SourceTitle "CBM 210 Extra"]
[Source "ChessBase"]
[SourceDate "2022.11.30"]
[SourceVersion "1"]
[SourceVersionDate "2022.11.30"]
[SourceQuality "1"]

1. e4 c5 2. Nc3 Nc6 3. f4 g6 4. Nf3 Bg7 5. Bc4 e6 6. d3 Nge7 7. 0-0 0-0 8. a3 a6 9. e5 d5 10. exd6 Qxd6 11. Ne4 Qd7 12. Be3 b6 13. Rb1 Nf5 14. Bf2 Qc7 15. Qc1 Bb7 16. b4 Ncd4 17. Nxd4 Nxd4 18. Bxd4 Bxd4+ 19. Kh1 b5 20. c3 Bg7 21. Bb3 c4 22. Bc2 cxd3 23. Bxd3 Bxe4 24. Bxe4 Rac8 25. a4 Bxc3 26. axb5 axb5 27. Rf3 Bxb4 28. Qxc7 Rxc7 29. h4 Be7 30. Rxb5 Bxh4 31. Rh3 Bf6 32. Rhb3 Rc4 33. R5b4 Rc5 34. Bf3 Rd8 35. Rb8 Kg7 36. Rxd8 Bxd8 37. Rd3 Bc7 38. g3 Rc2 39. Rd7 Bb6 40. Bg4 Kf6 41. Bf3 h5 42. f5 Bc7 43. fxg6 fxg6 44. g4 h4 45. Rd4 Rh2+ 46. Kg1 Rh3 47. Kg2 Rg3+ 0-1

[Event "Sucre op"]
[Site "Sucre"]
[Date "2022.10.13"]
[Round "1"]
[White "Ticona Rocabado, Licael Roderick"]
[Black "Mayta Aiza, Vicmar"]
[Result "1-0"]
[WhiteElo "2246"]
[BlackElo "1641"]
[PlyCount "49"]
[EventDate "2022.10.13"]
[EventType "swiss"]
[EventRounds "7"]
[EventCountry "BOL"]
[SourceTitle "CBM 210 Extra"]
[Source "ChessBase"]
[SourceDate "2022.11.30"]
[SourceVersion "1"]
[SourceVersionDate "2022.11.30"]
[SourceQuality "1"]

1. Nf3 d5 2. d4 e6 3. c4 c5 4. cxd5 exd5 5. dxc5 Bxc5 6. e3 Ne7 7. Bd3 Nbc6 8. 0-0 Bg4 9. Nbd2 Bb6 10. h3 Bh5 11. b3 0-0 12. Bb2 Bg6 13. Bxg6 Nxg6 14. Rc1 d4 15. exd4 Nxd4 16. Nc4 Nxf3+ 17. Qxf3 Qg5 18. Qxb7 Nf4 19. Qf3 Rad8 20. Rcd1 Ng6 21. Bc1 Qb5 22. Ba3 Bc5 23. Qf5 Rc8 24. Rd5 Bxf2+ 25. Rxf2 1-0

[Event "La Paz op"]
[Site "La Paz"]
[Date "2022.09.17"]
[Round "5"]
[White "Ticona Rocabado, Licael Roderick"]
[Black "Mayta Aiza, Vicmar"]
[Result "1-0"]
[WhiteElo "2262"]
[BlackElo "1629"]
[PlyCount "87"]
[EventDate "2022.09.15"]
[EventType "swiss"]
[EventRounds "7"]
[EventCountry "BOL"]
[SourceTitle "EXT 2023"]
[Source "ChessBase"]
[SourceDate "2022.10.05"]
[SourceVersion "1"]
[SourceVersionDate "2022.10.05"]
[SourceQuality "1"]

1. Nf3 d5 2. d4 e6 3. c4 c5 4. cxd5 exd5 5. Nc3 Nf6 6. Bg5 Be6 7. e3 Nc6 8. Bb5 c4 9. Bxf6 gxf6 10. e4 Bb4 11. Qa4 Bxc3+ 12. bxc3 0-0 13. Bxc6 bxc6 14. e5 Kh8 15. Qxc6 Qa5 16. Rc1 fxe5 17. dxe5 Qa3 18. 0-0 Rac8 19. Qd6 Qxd6 20. exd6 Rfd8 21. Nd4 Rxd6 22. f4 Rb6 23. Rfe1 Rb2 24. f5 Rg8 25. g3 Bc8 26. Re7 Rxa2 27. Rxf7 Re8 28. Rf1 h5 29. Rf2 Ra1+ 30. Kg2 a5 31. Kh3 a4 32. Kh4 a3 33. Ra7 Rae1 34. Rxa3 R1e3 35. Kxh5 R8e4 36. Ra8 Re8 37. Re2 Rxe2 38. Nxe2 Rxe2 39. Rxc8+ Kg7 40. Kg5 Rxh2 41. Rc7+ Kf8 42. g4 Rh3 43. Kg6 Rxc3 44. f6 1-0

[Event "La Paz op"]
[Site "La Paz"]
[Date "2022.09.16"]
[Round "4"]
[White "Mayta Aiza, Vicmar"]
[Black "Maldonado Caceres, Ronaldo"]
[Result "1-0"]
[WhiteElo "1629"]
[BlackElo "1418"]
[PlyCount "103"]
[EventDate "2022.09.15"]
[EventType "swiss"]
[EventRounds "7"]
[EventCountry "BOL"]
[SourceTitle "EXT 2023"]
[Source "ChessBase"]
[SourceDate "2022.10.05"]
[SourceVersion "1"]
[SourceVersionDate "2022.10.05"]
[SourceQuality "1"]

1. e4 c6 2. d4 d5 3. Nd2 dxe4 4. Nxe4 Nd7 5. Qe2 e6 6. Nf3 Ngf6 7. Bg5 Be7 8. Bxf6 Nxf6 9. Qd3 Nd5 10. g3 f5 11. Ned2 Qb6 12. Nc4 Qc7 13. c3 c5 14. Bg2 b5 15. Nce5 cxd4 16. Qxb5+ Kf8 17. 0-0 dxc3 18. bxc3 Rb8 19. Qc6 Rb6 20. Qxc7 Nxc7 21. Rab1 Bc5 22. Nd2 Nd5 23. Ndc4 Rxb1 24. Rxb1 Nb6 25. Rb5 Na4 26. Rb8 Ke7 27. Bb7 Bxb7 28. Rxh8 h6 29. Rb8 Bd5 30. Rb5 Bxc4 31. Nxc4 Bb6 32. Nxb6 axb6 33. c4 Kd6 34. Rb4 Nc5 35. Rxb6+ Ke5 36. Rc6 Kd4 37. Rc7 g5 38. Rh7 Kxc4 39. Rxh6 g4 40. h3 gxh3 41. Rxh3 Kd4 42. Rh4+ Kd3 43. g4 fxg4 44. Rxg4 e5 45. a4 e4 46. a5 Kc4 47. Rxe4+ Kb5 48. Re5 Kc6 49. Rxc5+ Kxc5 50. Kg2 Kb5 51. f4 Kxa5 52. f5 1-0

[Event "Hibrido del Sur op U2000 6th"]
[Site "Tornelo INT"]
[Date "2022.02.26"]
[Round "3"]
[White "Mayta Aiza, Vicmar"]
[Black "Carballo Quinones, Javier Dario"]
[Result "1-0"]
[WhiteElo "1613"]
[BlackElo "1545"]
[PlyCount "61"]
[EventDate "2022.02.26"]
[EventType "swiss"]
[EventRounds "6"]
[EventCountry "VEN"]
[SourceTitle "EXT 2023"]
[Source "ChessBase"]
[SourceDate "2022.10.05"]
[SourceVersion "1"]
[SourceVersionDate "2022.10.05"]
[SourceQuality "1"]

1. e4 c6 2. d4 d5 3. exd5 cxd5 4. c4 Nf6 5. Nc3 g6 6. Nf3 Bg7 7. Be2 a6 8. 0-0 0-0 9. Bg5 dxc4 10. Bxc4 b5 11. Bb3 Bb7 12. Re1 Nbd7 13. Qe2 Re8 14. Rad1 Nb6 15. Bxf7+ Kxf7 16. Qe6+ Kf8 17. Ne5 Bd5 18. Nxd5 Qxd5 19. Qxb6 Red8 20. Qc7 Rac8 21. Nxg6+ hxg6 22. Qxe7+ Kg8 23. Bxf6 Bxf6 24. Qxf6 Rd6 25. Qh4 g5 26. Qg4 Rf8 27. Re5 Qf7 28. Rxg5+ Kh7 29. Rh5+ Rh6 30. Rxh6+ Kxh6 31. Qh4+ 1-0

[Event "Pan American-ch Hybrid U18 31st"]
[Site "Tornelo INT"]
[Date "2021.09.04"]
[Round "4"]
[White "Tomiello, Lucas Costamilan"]
[Black "Mayta Aiza, Vicmar"]
[Result "1-0"]
[WhiteElo "2140"]
[BlackElo "1591"]
[PlyCount "91"]
[EventDate "2021.09.04"]
[EventType "swiss"]
[EventRounds "9"]
[EventCountry "NET"]
[SourceTitle "EXT 2023"]
[Source "ChessBase"]
[SourceDate "2022.10.05"]
[SourceVersion "1"]
[SourceVersionDate "2022.10.05"]
[SourceQuality "1"]

1. e4 c5 2. Nf3 d6 3. d4 cxd4 4. Nxd4 Nf6 5. Nc3 Nc6 6. Bg5 e6 7. Qd2 Be7 8. 0-0-0 0-0 9. f4 h6 10. Bh4 Nxd4 11. Qxd4 Qa5 12. Kb1 e5 13. fxe5 dxe5 14. Qe3 Be6 15. Bxf6 Bxf6 16. Nd5 Bg5 17. Qf3 Rfd8 18. Bc4 Rac8 19. Bb3 Qc5 20. c3 b5 21. h4 Be7 22. g4 a5 23. a3 Rc6 24. g5 Bxd5 25. Rxd5 Qa7 26. Rxe5 Bf8 27. Rf5 Rc7 28. gxh6 g6 29. Rf6 Kh7 30. Bxf7 Bxh6 31. Bxg6+ Kg7 32. Bh5 Qc5 33. Rf7+ Kg8 34. Qf1 Qxh5 35. Rxc7 Rf8 36. Rg1+ Kh8 37. Qd1 Qe5 38. Qd4 Qxd4 39. cxd4 b4 40. axb4 axb4 41. Rb7 Bd2 42. Rd1 Rf2 43. d5 Bf4 44. d6 Be5 45. d7 Rxb2+ 46. Kc1 1-0

[Event "World Cup U18 Prel"]
[Site "Tornelo INT"]
[Date "2021.08.17"]
[Round "4"]
[White "Mayta Aiza, Vicmar"]
[Black "Kwong, Wing Ki"]
[Result "0-1"]
[WhiteElo "1591"]
[BlackElo "1876"]
[PlyCount "126"]
[EventDate "2021.08.16"]
[EventType "swiss (rapid)"]
[EventRounds "10"]
[EventCountry "NET"]
[SourceTitle "CBM 203 Extra"]
[Source "ChessBase"]
[SourceDate "2021.09.30"]
[SourceVersion "1"]
[SourceVersionDate "2021.09.30"]
[SourceQuality "1"]

1. e4 c5 2. Nc3 d6 3. g3 Nf6 4. Bg2 Nc6 5. d3 g6 6. h3 Bg7 7. Be3 0-0 8. Qd2 Re8 9. Nge2 a6 10. 0-0 Bd7 11. Bh6 Bh8 12. Be3 Rc8 13. Rab1 b5 14. a3 Qc7 15. Nd5 Qb8 16. Nxf6+ Bxf6 17. c3 b4 18. axb4 cxb4 19. Nd4 Nxd4 20. Bxd4 Bxd4 21. cxd4 Qb6 22. d5 Qd4 23. Rfc1 Bb5 24. Bf1 Kg7 25. Rc2 Rxc2 26. Qxc2 a5 27. b3 Ba6 28. Qb2 Qxb2 29. Rxb2 Rc8 30. Kg2 Rc3 31. d4 Bxf1+ 32. Kxf1 f5 33. exf5 gxf5 34. Ke2 Kf6 35. Ra2 Rxb3 36. Rxa5 h5 37. Rb5 f4 38. gxf4 Kf5 39. Rb7 Kxf4 40. Rxe7 Rxh3 41. Rb7 b3 42. Rb6 Ke4 43. Rxd6 Kxd4 44. Rb6 Kxd5 45. Kd2 Kc5 46. Rb8 Kc4 47. Rb7 Rd3+ 48. Ke2 Rd5 49. f4 h4 50. Kf3 Kc3 51. Rc7+ Kb4 52. Rb7+ Rb5 53. Rh7 b2 54. Rxh4 b1Q 55. f5+ Ka5 56. f6 Rf5+ 57. Ke3 Rxf6 58. Rh5+ Rf5 59. Rh8 Qb3+ 60. Ke4 Qd5+ 61. Ke3 Rf3+ 62. Ke2 Qd3+ 63. Ke1 Rf1# 0-1

[Event "World Cup U18 Prel"]
[Site "Tornelo INT"]
[Date "2021.08.16"]
[Round "2"]
[White "Brilej, Jaka"]
[Black "Mayta Aiza, Vicmar"]
[Result "0-1"]
[WhiteElo "2344"]
[BlackElo "1591"]
[PlyCount "66"]
[EventDate "2021.08.16"]
[EventType "swiss (rapid)"]
[EventRounds "10"]
[EventCountry "NET"]
[SourceTitle "CBM 203 Extra"]
[Source "ChessBase"]
[SourceDate "2021.09.30"]
[SourceVersion "1"]
[SourceVersionDate "2021.09.30"]
[SourceQuality "1"]

1. e4 c5 2. Nf3 Nc6 3. d4 cxd4 4. Nxd4 Nf6 5. Nc3 d6 6. Bg5 e5 7. Nb3 Be7 8. Qd2 Be6 9. f3 0-0 10. 0-0-0 Nb4 11. Kb1 d5 12. Bxf6 Bxf6 13. Nxd5 Nxd5 14. exd5 Bf5 15. Bd3 Bxd3 16. Qxd3 Qd6 17. Nd2 Rfd8 18. Ne4 Qe7 19. d6 Qd7 20. g4 h6 21. h4 Qc6 22. Qe2 Rd7 23. g5 Bd8 24. Qg2 h5 25. Nf6+ Bxf6 26. gxf6 g6 27. Qg5 Kh7 28. Qxe5 Rad8 29. f4 Rxd6 30. Rc1 Qxh1 31. b3 Rd1 32. Rxd1 Qxd1+ 33. Kb2 Qd4+ 0-1

[Event "Pan American-ch U12"]
[Site "Cali"]
[Date "2015.07.01"]
[Round "5"]
[White "Yearwood, Sean"]
[Black "Mayta Aiza, Vicmar"]
[Result "1-0"]
[WhiteElo "1664"]
[BlackElo "1319"]
[PlyCount "45"]
[EventDate "2015.06.28"]
[EventType "swiss"]
[EventRounds "9"]
[EventCountry "COL"]
[SourceTitle "EXT 2016"]
[Source "ChessBase"]
[SourceDate "2015.10.08"]
[SourceVersion "1"]
[SourceVersionDate "2015.10.08"]
[SourceQuality "1"]

1. e4 c5 2. Nf3 Nc6 3. c3 e5 4. d4 cxd4 5. cxd4 exd4 6. Nxd4 Nf6 7. Nxc6 bxc6 8. Bd3 Bb4+ 9. Bd2 Bxd2+ 10. Nxd2 0-0 11. 0-0 Qc7 12. h3 h6 13. Nf3 a5 14. Bc2 Rb8 15. Re1 Rxb2 16. e5 Rxc2 17. Qxc2 Nh7 18. Rad1 Re8 19. Qf5 g6 20. Qf4 Kg7 21. Qd4 Re6 22. Nh4 Kg8 23. Nf5 1-0

[Event "Pan American-ch U12"]
[Site "Cali"]
[Date "2015.06.29"]
[Round "3"]
[White "Velasco Pilpe, Isacc Israel"]
[Black "Mayta Aiza, Vicmar"]
[Result "0-1"]
[WhiteElo "1717"]
[BlackElo "1319"]
[PlyCount "113"]
[EventDate "2015.06.28"]
[EventType "swiss"]
[EventRounds "9"]
[EventCountry "COL"]
[SourceTitle "EXT 2016"]
[Source "ChessBase"]
[SourceDate "2015.10.08"]
[SourceVersion "1"]
[SourceVersionDate "2015.10.08"]
[SourceQuality "1"]

1. e4 c5 2. Nf3 Nc6 3. d4 cxd4 4. Nxd4 e5 5. Nf3 Nf6 6. Nc3 h6 7. a3 Be7 8. Bc4 0-0 9. 0-0 a6 10. Re1 d6 11. Nd5 Bg4 12. Nxf6+ Bxf6 13. h3 Bxf3 14. Qxf3 Nd4 15. Qd3 b5 16. Bd5 Ra7 17. Be3 Rc7 18. c3 Nc6 19. Bb6 Qd7 20. Bxc7 Qxc7 21. Rad1 Ne7 22. Bb3 Rd8 23. c4 Qc5 24. cxb5 axb5 25. Qe3 Qc6 26. Qc3 Qb6 27. Rd3 Bg5 28. Rf3 Bf6 29. Qe3 Qb7 30. Qc3 d5 31. exd5 Nxd5 32. Qa5 Ra8 33. Qd2 Rd8 34. Bxd5 Rxd5 35. Rd3 Rc5 36. Qb4 Rc4 37. Qb3 Qb6 38. Rd5 Rc5 39. Rxc5 Qxc5 40. Rd1 Qc6 41. Qc3 Qe6 42. Rc1 Kh7 43. Qd3+ g6 44. Qxb5 e4 45. Rc6 Qe7 46. Qb6 Bg7 47. a4 Qd7 48. Rd6 Qxa4 49. Rd2 Be5 50. g3 Bg7 51. Qb7 Qe8 52. b4 e3 53. Re2 exf2+ 54. Kxf2 Qf8 55. b5 Qc5+ 56. Kf1 Qc1+ 57. Kg2 0-1